000 00865nas a2200301 4500
001 BR8400956
003 BR-BrBNA
005 20231205085815.0
007 ta
008 230509b bl.|||p| |||| 00| 00por d
040 _aBR-BrBNA
_bpor
_cBiblioteca Nacional de Agricultura
041 _a(Pt)
072 _aL73; L10
100 1 _aToniollo, G.H.
100 1 _aFerreira, H.I.
100 1 _aVicente, W.R.R.
100 1 _aDel Carlo, R.J.
100 1 _aSilva, L.A.F.
100 1 _aAlves, G.E.S.
245 1 _aPiometras em cadelas [endometrite]
246 1 _aPyometra in the bitches [endometritis]
650 _aCAO
650 _aENDOMETRITE
650 _aCIRURGIA
773 0 _tRevista Brasileira de Reproducao Animal (Brazil)
_xISSN 0102-0803
_g(1983), v. 7(3) p. 29-35
_wBR8400956
909 _a202311
_bLúcia
_c55
_dLúcia Elande
942 _2AGRIS
_n0
_cANA
999 _c113955
_d113955